000
00252nam a22001217a 4500
041
_a
ENG
100
_a
Sivanappan .R.K
245
_a
Sprinkler Irrigation
260
_a
Delhi
_b
OXford & IBH Pub
_c
1992
300
_a
146
650
_a
IDE
856
_u
IDE
999
_c
384
_d
384